000 00842nam a2200253Ia 4500
003 OSt
005 20220923212617.0
006 a|||||r|||| 00| 0
007 ta
008 220922b |||||||| |||| 00| 0 hin d
024 _a154,515
037 _cTextual
040 _aARTS
_cARTS
_bhin
041 _2hin
_ahin
082 _aO152xN5, M7
100 _aडागा, सावित्री, संपा.
_9159453
245 0 _aमाटी की सुवास
246 _aMāṭī kī suvāsa
260 _aबीकानेर
_b कृष्ण जनसेवी एण्ड को0
_c1987
300 _a144 पृ.
_ccm.
650 _aहिन्दी साहित्य
_9156264
942 _hO152xN5, M7
_cTEXL
_2CC
999 _c310137
_d310137